Bộ tổng tham mưu Xô viết trong chiến tranh Quyển 2

সংরক্ষণ করুন:
গ্রন্থ-পঞ্জীর বিবরন
প্রধান লেখক: Ste_Men_Co, X
অন্যান্য লেখক: Trần Anh Tuấn (dịch)
বিন্যাস: গ্রন্থ
প্রকাশিত: H. Tiến Bộ 1985
বিষয়গুলি:
ট্যাগগুলো: ট্যাগ যুক্ত করুন
কোনো ট্যাগ নেই, প্রথমজন হিসাবে ট্যাগ করুন!
Thư viện lưu trữ: Trung tâm Học liệu Lê Vũ Hùng, Trường Đại học Đồng Tháp
LEADER 00961pam a22002658a 4500
001 00000607
005 20171026081022.0
008 110322s1985 ||||||Viesd
041 0 # |a Vie 
082 1 # |a 335.7  |b B450T 
100 0 # |a Ste_Men_Co, X 
245 0 0 |a Bộ tổng tham mưu Xô viết trong chiến tranh  |c X.Ste_Men_Co; Trần Anh Tuấn (dịch)  |n Quyển 2 
260 # # |a H.  |b Tiến Bộ  |c 1985 
300 # # |a 596 tr.  |b Ảnh trắng đen  |c 20 cm. 
500 # # |a Dịch từ tiếng Nga 
650 # 7 |2 Lịch sử chiến tranh 
653 # # |a Liên Xô 
653 # # |a Lịch sử  |a Chiến tranh thế giới thứ 2  |a Hồi kí 
700 0 # |a Trần Anh Tuấn  |e dịch 
852 # # |b Kho mượn  |j KM.0002412 
852 # # |b Kho đọc  |j KD.0006552 
852 # # |j KD.0006552  |j KM.0002412 
910 |d 22/03/2011 
980 # # |a Trung tâm Học liệu Lê Vũ Hùng, Trường Đại học Đồng Tháp